| 000 | 01414nam a2200361Ia 4500 | ||
|---|---|---|---|
| 001 | ebr10226588 | ||
| 003 | CaPaEBR | ||
| 006 | m u | ||
| 007 | cr cn||||||||| | ||
| 008 | 070124s2007 ne a sb 001 0 eng d | ||
| 010 | _z 2007060069 | ||
| 020 | _z0080449271 | ||
| 020 | _z9780080449272 | ||
| 020 | _z9780080489810 | ||
| 040 |
_aCaPaEBR _cCaPaEBR |
||
| 035 | _a(OCoLC)162568461 | ||
| 050 | 1 | 4 |
_aRC564 _b.T7287 2007eb |
| 245 | 0 | 0 |
_aTranslation of addictions science into practice _h[electronic resource] / _cedited by Peter M. Miller and David J. Kavanagh. |
| 250 | _a1st ed. | ||
| 260 |
_aAmsterdam ; _aBoston : _bElsevier/Pergamon, _c2007. |
||
| 300 |
_axvi, 495 p. : _bill. |
||
| 504 | _aIncludes bibliographical references and index. | ||
| 533 |
_aElectronic reproduction. _bPalo Alto, Calif. : _cebrary, _d2009. _nAvailable via World Wide Web. _nAccess may be limited to ebrary affiliated libraries. |
||
| 650 | 0 |
_aDrug abuse _xPhysiological aspects. |
|
| 650 | 0 |
_aSubstance abuse _xPhysiological aspects. |
|
| 650 | 0 |
_aDrug abuse _xTreatment. |
|
| 650 | 0 |
_aSubstance abuse _xTreatment. |
|
| 655 | 7 |
_aElectronic books. _2local |
|
| 700 | 1 |
_aMiller, Peter M. _q(Peter Michael), _d1942- |
|
| 700 | 1 | _aKavanagh, David John. | |
| 710 | 2 | _aebrary, Inc. | |
| 856 | 4 | 0 |
_uhttp://site.ebrary.com/lib/rucke/Doc?id=10226588 _zAn electronic book accessible through the World Wide Web; click to view |
| 999 |
_c41120 _d41120 |
||